<The> Problems of Unemployment and Inflation

Salvato in:
Dettagli Bibliografici
Autore principale: Hardwick, Philip
Natura: Libro
Lingua:inglese
Pubblicazione: London Longman 1987
Edizione:1. ed.
Soggetti:
Tags: Aggiungi Tag
Nessun Tag, puoi essere il primo ad aggiungerne!!

MARC

LEADER 00000nam a2200000 4500
001 c004966
005 20221219121202.0
020 |a 0-582-29661-7 
041 0 |a eng 
044 |a GB 
245 1 0 |a <The> Problems of Unemployment and Inflation  |c Philip Hardwick 
250 |a 1. ed. 
264 1 |a London  |b Longman  |c 1987 
300 |a 144 s. 
610 2 0 |a nezamestnanosť 
610 2 0 |a inflácia 
610 2 0 |a mzdy 
610 2 0 |a tvorba cien 
610 2 0 |a trh práce 
610 2 0 |a náklady 
610 2 0 |a štúdie prípadové 
610 2 0 |a ceny 
610 2 0 |a dopyt 
610 2 0 |a ponuka práce 
100 1 |a Hardwick, Philip